WORLDWIDE GUIDE TO EQUIVALENT IRONS AND STEEL (Record no. 580731)
[ view plain ]
| 000 -LEADER | |
|---|---|
| fixed length control field | 00362nam a22001337a 4500 |
| 020 ## - INTERNATIONAL STANDARD BOOK NUMBER | |
| International Standard Book Number | 0-8717-088-3 |
| 082 ## - DEWEY DECIMAL CLASSIFICATION NUMBER | |
| Classification number | 669.142 WOR'U |
| 100 ## - MAIN ENTRY--PERSONAL NAME | |
| Personal name | PENZENIK, MARILYN,UNTERWEISER, PAUL M |
| 9 (RLIN) | 75285 |
| 245 ## - TITLE STATEMENT | |
| Title | WORLDWIDE GUIDE TO EQUIVALENT IRONS AND STEEL |
| 260 ## - PUBLICATION, DISTRIBUTION, ETC. | |
| Place of publication, distribution, etc. | OHIO |
| Name of publisher, distributor, etc. | ASM |
| Date of publication, distribution, etc. | 1979 |
| 300 ## - PHYSICAL DESCRIPTION | |
| Extent | 575P |
| 650 ## - SUBJECT ADDED ENTRY--TOPICAL TERM | |
| Topical term or geographic name entry element | STEEL ALLOYS HANDBOOK MANUA |
| 9 (RLIN) | 75286 |
| 942 ## - ADDED ENTRY ELEMENTS (KOHA) | |
| Koha item type | Book |
| Withdrawn status | Lost status | Damaged status | Not for loan | Permanent Location | Current Location | Shelving location | Date acquired | Total Checkouts | Full call number | Barcode | Date last seen | Price effective from | Koha item type |
|---|---|---|---|---|---|---|---|---|---|---|---|---|---|
| College of Electrical & Mechanical Engineering (CEME) | College of Electrical & Mechanical Engineering (CEME) | General Stacks | 05/17/2017 | 669.142 WOR'U | CEME-15101 | 06/28/2021 | 06/28/2021 | Book |
